[Event "Niedersachsen-ch"]
[Site "Verden"]
[Date "2015.01.05"]
[Round "7"]
[White "Kahlenberg, Jens"]
[Black "Jacobi, Felix Hagen"]
[Result "0-1"]
[WhiteElo "2056"]
[BlackElo "1942"]
[PlyCount "144"]
[EventDate "2015.01.02"]
[EventType "swiss"]
[EventRounds "7"]
[EventCountry "GER"]
[SourceTitle "EXT 2018"]
[Source "ChessBase"]
[SourceDate "2017.10.13"]
[SourceVersion "1"]
[SourceVersionDate "2017.10.13"]
[SourceQuality "1"]

1. Nf3 g6 2. e4 Bg7 3. d4 d5 4. exd5 Qxd5 5. Nc3 Qd8 6. Bf4 c6 7. Qd2 Nf6 8. h4 Bf5 9. Ne5 Nbd7 10. f3 h5 11. Bc4 Nxe5 12. Bxe5 Qa5 13. 0-0-0 Bh6 14. Bf4 Bxf4 15. Qxf4 e6 16. Rhe1 0-0-0 17. Qg5 Nd5 18. Bxd5 exd5 19. Re7 Be6 20. Kb1 Rhe8 21. Ne2 Qb4 22. Rxe8 Rxe8 23. Ng3 Bd7 24. a3 Qd6 25. f4 Re3 26. Rd3 Re1+ 27. Ka2 Qe7 28. Qxe7 Rxe7 29. f5 Bxf5 30. Nxf5 gxf5 31. Rf3 Re4 32. Rxf5 Rxh4 33. c3 Rg4 34. Rxf7 Rxg2 35. Rh7 Rh2 36. Kb3 h4 37. a4 a5 38. Ka3 Kb8 39. Kb3 Ka7 40. Ka3 Ka6 41. Rh6 Rh1 42. Ka2 h3 43. Kb3 h2 44. Ka2 Ka7 45. Rh8 b5 46. b3 Kb7 47. Kb2 bxa4 48. bxa4 Kc7 49. Rh7+ Kd6 50. Rh6+ Ke7 51. Rh7+ Kf6 52. Rh5 Kg6 53. Rh8 Kf5 54. Rh4 Kg5 55. Rh8 Kg4 56. Rg8+ Kf3 57. Rf8+ Ke3 58. Rh8 Kd3 59. Rh6 Re1 60. Rxh2 Kc4 61. Rg2 Re3 62. Rc2 Re8 63. Rh2 Rb8+ 64. Kc2 Rb3 65. Rh3 Ra3 66. Rh6 Rxc3+ 67. Kb2 Kb4 68. Rh1 Rc4 69. Rd1 Kxa4 70. Rd3 Kb5 71. Ka3 Kb6 72. Kb3 Kc7 0-1

[Event "Niedersachsen-ch"]
[Site "Verden"]
[Date "2015.01.03"]
[Round "3"]
[White "Tennert, Simon"]
[Black "Kahlenberg, Jens"]
[Result "1-0"]
[WhiteElo "2132"]
[BlackElo "2056"]
[PlyCount "71"]
[EventDate "2015.01.02"]
[EventType "swiss"]
[EventRounds "7"]
[EventCountry "GER"]
[SourceTitle "EXT 2018"]
[Source "ChessBase"]
[SourceDate "2017.10.13"]
[SourceVersion "1"]
[SourceVersionDate "2017.10.13"]
[SourceQuality "1"]

1. Nf3 d5 2. b4 c6 3. Bb2 Nf6 4. a3 Bg4 5. e3 Nbd7 6. Be2 Qc7 7. d3 e5 8. Nbd2 h6 9. h3 Be6 10. c4 Bd6 11. Rc1 Qb8 12. 0-0 0-0 13. e4 Rd8 14. Qc2 Nf8 15. d4 Ng6 16. dxe5 Nxe5 17. Nd4 Bc7 18. cxd5 Bd7 19. f4 Ng6 20. d6 Bb6 21. Nc4 Re8 22. Nxb6 axb6 23. e5 Nd5 24. Qd2 Qc8 25. Bd3 Nh4 26. Be4 Qd8 27. Qd3 g6 28. Qg3 Kh7 29. f5 g5 30. e6 Bc8 31. Rxc6 Nf4 32. Rc7 Qxd6 33. Rxf7+ Kg8 34. Kh1 Re7 35. Rxe7 Qxe7 36. Rxf4 1-0

[Event "Lingen op 4th"]
[Site "Lingen"]
[Date "2012.07.22"]
[Round "4"]
[White "Kahlenberg, Jens"]
[Black "Hoffmann, Lukas"]
[Result "1/2-1/2"]
[WhiteElo "2048"]
[BlackElo "2173"]
[PlyCount "83"]
[EventDate "2012.07.20"]
[EventType "swiss"]
[EventRounds "5"]
[EventCountry "GER"]
[SourceTitle "EXT 2013"]
[Source "ChessBase"]
[SourceDate "2012.11.22"]
[SourceVersion "1"]
[SourceVersionDate "2012.11.22"]
[SourceQuality "1"]

1. e4 d6 2. Nc3 Nf6 3. f4 g6 4. d4 c6 5. Nf3 Bg7 6. Bd3 0-0 7. 0-0 Nbd7 8. e5 Nd5 9. Nxd5 cxd5 10. h3 f5 11. c3 Nb6 12. Qe2 Bd7 13. b3 a6 14. a4 Rb8 15. Bd2 Na8 16. Nh2 Nc7 17. Kh1 Be6 18. Nf3 Qd7 19. Rg1 Bh6 20. Nh4 b5 21. g4 bxa4 22. gxf5 Rxf5 23. b4 Rbf8 24. Nxg6 hxg6 25. Rxg6+ Bg7 26. Rag1 R8f7 27. Qg4 Ne8 28. Qh4 R5f6 29. exf6 exf6 30. R6g3 Bf5 31. Bxf5 Qxf5 32. Re1 Nc7 33. Qg4 Qc2 34. Qe2 a3 35. Qd3 Qa4 36. Ra1 Re7 37. c4 dxc4 38. Qxc4+ d5 39. Qb3 Qxb3 40. Rxb3 Nb5 41. Be3 f5 42. Raxa3 1/2-1/2

[Event "Lingen op 4th"]
[Site "Lingen"]
[Date "2012.07.22"]
[Round "5"]
[White "Plueg, Andreas"]
[Black "Kahlenberg, Jens"]
[Result "1-0"]
[WhiteElo "2303"]
[BlackElo "2048"]
[PlyCount "99"]
[EventDate "2012.07.20"]
[EventType "swiss"]
[EventRounds "5"]
[EventCountry "GER"]
[SourceTitle "EXT 2013"]
[Source "ChessBase"]
[SourceDate "2012.11.22"]
[SourceVersion "1"]
[SourceVersionDate "2012.11.22"]
[SourceQuality "1"]

1. e4 Nf6 2. Nc3 e5 3. Nf3 Nc6 4. Bc4 Nxe4 5. Nxe4 d5 6. Bd3 dxe4 7. Bxe4 Bd6 8. Bxc6+ bxc6 9. d3 0-0 10. h3 Re8 11. 0-0 h6 12. Bd2 c5 13. Bc3 Bb7 14. Re1 e4 15. dxe4 Bxe4 16. Nd2 Bd5 17. Qg4 Qg5 18. Qxg5 hxg5 19. b3 f6 20. Kf1 Kf7 21. Rad1 Rxe1+ 22. Rxe1 Re8 23. Rxe8 Kxe8 24. f3 Bf4 25. Ne4 c4 26. Ke2 cxb3 27. axb3 Bd6 28. Kd3 Kd7 29. Bd2 c5 30. Be3 Kc6 31. c4 Be6 32. Bf2 Be7 33. Be3 Bf7 34. Bd2 Bg6 35. Be1 Bd6 36. Bd2 Bg3 37. Ba5 Bd6 38. Bc3 Be7 39. Bd2 Bf7 40. Be1 f5 41. Nf2 Bf6 42. g4 Bg6 43. Kd2 Bd4 44. Kd1 Kd6 45. gxf5 Bxf5 46. Ng4 Ke6 47. Bd2 Bf6 48. Be3 Kd6 49. Kd2 Be7 50. Nf2 1-0

[Event "Lingen op 4th"]
[Site "Lingen"]
[Date "2012.07.21"]
[Round "2"]
[White "Kahlenberg, Jens"]
[Black "Krneta, Slavko"]
[Result "1/2-1/2"]
[WhiteElo "2048"]
[BlackElo "1895"]
[PlyCount "120"]
[EventDate "2012.07.20"]
[EventType "swiss"]
[EventRounds "5"]
[EventCountry "GER"]
[SourceTitle "EXT 2013"]
[Source "ChessBase"]
[SourceDate "2012.11.22"]
[SourceVersion "1"]
[SourceVersionDate "2012.11.22"]
[SourceQuality "1"]

1. Nf3 e6 2. g3 d5 3. Bg2 c5 4. c4 Nf6 5. 0-0 Nc6 6. cxd5 exd5 7. d4 cxd4 8. Nxd4 Qb6 9. Nb3 Be6 10. Be3 Qc7 11. Nc3 Rd8 12. Nb5 Qd7 13. Nc5 Bxc5 14. Bxc5 Ne7 15. Nxa7 0-0 16. Nb5 Rc8 17. Bxe7 Qxe7 18. Nd4 Qc7 19. Qd2 Qb6 20. Rac1 Ra8 21. a3 Ra4 22. e3 Bd7 23. Rc3 Rc4 24. Rfc1 Rfc8 25. b3 R4c7 26. R1c2 Kf8 27. Qc1 Rxc3 28. Rxc3 Rxc3 29. Qxc3 Ke7 30. a4 Kd6 31. Bf1 Qc5 32. Qxc5+ Kxc5 33. Bd3 Kb4 34. Kf1 Kc3 35. Ke2 g6 36. f3 Ne8 37. a5 Nc7 38. h4 Ne6 39. Nxe6 fxe6 40. h5 Be8 41. a6 bxa6 42. Bxa6 gxh5 43. Bc8 Bf7 44. f4 d4 45. exd4 Kxd4 46. Bd7 h4 47. gxh4 e5 48. f5 Bxb3 49. Be6 Bd5 50. Bxd5 Kxd5 51. Ke3 e4 52. f6 Ke6 53. Kxe4 Kxf6 54. Kf4 h5 55. Ke4 Ke6 56. Kf4 Kf6 57. Ke4 Ke7 58. Kf5 Kf7 59. Kg5 Kg7 60. Kxh5 Kh7 1/2-1/2